00898nam a2200277Ia 4500001000700000003000500007008004100012010001100053040000900064082001400073100008100087245007300168260005400241300002800295440000500323500000500328503000500333650012300338901001400461902000600475910000900481942000600490942000700496999001900503952009800522Z_4122CHAP220113s2001 xx 000 0 und d a167185 cCHAP a636.39 R4 aReunión Nacional sobre Caprinocultura (16 : 2001 : Veracruz, Ver.)9141333 aMemorias /cpor Asociación Mexicana de Producción Caprina, A.C. aVeracruz, Ver. :bUniversidad Veracruzana,c2001 a221 p. cuad. ; gráfs. a a a aGanado cabríoxCongresos I. Universidad Veracruzana II. Asociación Mexicana de Producción Caprina, A.C.9141334 a636.39 R4 aA a2001 c1 cc1 c167185d167185 00102ddc40708GRALaZbZc1d2005-11-09pz_4294r2022-01-18 00:00:00t1w2022-01-18yLIBRO